000
00224nam a2200097Ia 4500
005
20251222114353.0
008
251222s1900||||xx |||||||||||||| ||spa||
082
_a
DVD0010/M22/2003
245
0
_a
Fuego contra fuego:
942
_c
DVD
999
_c
1335
_d
1335